000 00294nam a22001457a 4500
008 210224b ||||| |||| 00| 0 eng d
020 _a9781584805601
041 _aeng
080 _a61
082 _a61
100 _a3
101 _aMJE
245 _aEmergency Care
_cGPC
942 _2udc
_cBK
999 _c55168
_d55168